Ordo in recitatione Divini Officii, et celebratione missarum juxta rubricae breviarii missalisque romani a venerabili clero saeculari civitatis et dioecesis Angelopolitanae quotidie servandus pro anno Dni. MDCCCXXV. Dispositus per Michaelem Ignatium Linares coeremoniarum magistrum

Detalles Bibliográficos
Autor Corporativo: Iglesia Católica
Otros Autores: Linares, Miguel Ignacio
Formato: Libro
Lenguaje:Latin
Publicado: Mexici : ex typographia D. Alexandri Valdés, 1825.
Materias:
Colección:Banco de datos
Acervo:Biblioteca Palafoxiana. Colección de Pliegos Sueltos
Descripción Física:[34] h. ; 8°
Tema general:Liturgia
Notas:Daños de humedad
LEADER 00864nam a22002050004500
035 |a 1957 
041 0 |a lat 
082 0 4 |a FR/PAFX/IMPS/C075/02269 
110 1 |a Iglesia Católica 
245 1 0 |a Ordo in recitatione Divini Officii, et celebratione missarum juxta rubricae breviarii missalisque romani a venerabili clero saeculari civitatis et dioecesis Angelopolitanae quotidie servandus pro anno Dni. MDCCCXXV. Dispositus per Michaelem Ignatium Linares coeremoniarum magistrum 
260 |a Mexici : ex typographia D. Alexandri Valdés, 1825. 
300 |a [34] h. ; 8° 
500 |a Daños de humedad 
505 0 0 |a La biblioteca tiene: 2 ejemplares (I02269) 
650 1 0 |a Liturgia 
700 1 |a Linares, Miguel Ignacio 
949 |a I02269, I02269-A, I02315 
942 |c PALAPLIE 
943 |g Biblioteca Palafoxiana. Colección de Pliegos Sueltos 
999 |c 1075247  |d 1075247